000 00582nam a2200217 i 4500
001 38873
003 ES-MaACL
007 t|
008 030226s1980 sp ||||1| spa d
020 _a8474570786
100 1 _aCampos, Carlos.
_934240
245 1 0 _aDel juego al infinito /
_cCarlos Campos.
250 _a1ยช ed.
260 _aBarcelona :
_bAnthropos,
_c1980.
300 _a283 p. ;
_c19 cm.
490 1 _aAmbito literario ;
_v91
830 0 _aAmbito literario ;
_v91
_9180628
852 _aES-MaACL
_jL-9923
_bR.110827
_940282
942 _2udc
999 _c38873
_d38873